000 00560nam a2200193Ia 4500
005 20250508165520.0
008 008 250505s9999 xx 000 0 eng d
037 _aDissertations
040 _aFEDL
_beng
_cFEDL
041 _aeng
_2eng
084 _a507, VAR/DI
_qFEDL
100 _aVardhan Harsh
_9546943
245 0 _aStudy on interdisciplinartoty of science at secondary school level
260 _c2015
300 _a41p.
546 _aM.Ed. Dissertation, (Delhi University)
942 _cDIS
_h507, VAR/DI
999 _c1395592
_d1395592